000 00553nam a2200169Ia 4500
005 20260429111913.0
008 260429s9999||||xx |||||||||||||| ||und||
020 _a9788182905399
041 _aEnglish
082 _a780.92
_bSAM
100 _aSambamoorthy, P.
245 0 _aGreat musicians :
_bgiving biographical sketches and critical estimates of 15 of the musical luminaries of the post-tyagaraja period /
_cP. Sambamoorthy
260 _aHaryana :
_bShubhi Publications,
_c2024.
300 _avi, 101 p.; hb
650 _aMusicians
942 _cTB
999 _c51352
_d51352